000 00505nam a2200181Ia 4500
005 20250326124622.0
008 250326s9999 xx 000 0 und d
037 _aTextbook
040 _aFMSL
_beng
_cFMSL
041 _aeng
_2eng
084 _aX:8ogB28 L3
_qFMSL
100 _aPaik C M
_9320519
245 0 _aQuantitative methods for managerial decisions
_cPaik C M
260 _aNY
_bNY, McGraw-Hill
_c1973
300 _a403p
942 _cTB
_hX:8ogB28 L3
999 _c1274422
_d1274422